| 000 | 00613nam a2200217Ia 4500 | ||
|---|---|---|---|
| 003 | BUBTL | ||
| 008 | 151213s9999 xx 000 0 und d | ||
| 020 | _a984-300-000426-0 | ||
| 082 | _a349.5492/H173l | ||
| 100 |
_aAbdul Halim & N.E.Siddiki _92937 |
||
| 245 |
_aThe Legal System of Bangladesh _cAbdul Halim & N.E.Siddiki |
||
| 250 | _a1st | ||
| 260 |
_aDhaka _bUniversity Publication _c2008 |
||
| 300 |
_a431p . : _b22cm |
||
| 650 |
_aLaw _92938 |
||
| 650 |
_aLaw _92938 |
||
| 700 |
_aAbdul Halim & N.E.Siddiki _92937 |
||
| 856 |
_k0 _l0 _yDownload |
||
| 942 |
_2ddc _cBK |
||
| 999 |
_c3684 _d3684 |
||